| 000 -LEADER |
| fixed length control field |
01517cam a2200337 i 4500 |
| 001 - CONTROL NUMBER |
| control field |
.b54463968 |
| 003 - CONTROL NUMBER IDENTIFIER |
| control field |
OCoLC |
| 005 - DATE AND TIME OF LATEST TRANSACTION |
| control field |
20191206111916.0 |
| 008 - FIXED-LENGTH DATA ELEMENTS--GENERAL INFORMATION |
| fixed length control field |
190720t20172015enka j 000 f eng d |
| 020 ## - INTERNATIONAL STANDARD BOOK NUMBER |
| International Standard Book Number |
9780141377094 |
| Qualifying information |
(pbk.) |
| 020 ## - INTERNATIONAL STANDARD BOOK NUMBER |
| International Standard Book Number |
0141377097 |
| Qualifying information |
(pbk.) |
| 035 ## - SYSTEM CONTROL NUMBER |
| System control number |
(OCoLC)973023463 |
| 040 ## - CATALOGING SOURCE |
| Original cataloging agency |
NLE |
| Language of cataloging |
eng |
| Description conventions |
rda |
| Transcribing agency |
NLE |
| Modifying agency |
OCLCO |
| -- |
AUPTL |
| -- |
OCLCQ |
| -- |
AUPTL |
| -- |
KTS |
| -- |
ERD |
| -- |
OCLCF |
| -- |
UKMGB |
| -- |
BHJHS |
| -- |
OCLCO |
| -- |
NTNU |
| 042 ## - AUTHENTICATION CODE |
| Authentication code |
nbic |
| 082 ## - DEWEY DECIMAL CLASSIFICATION NUMBER |
| Classification number |
FIC KIN |
| 100 1# - MAIN ENTRY--PERSONAL NAME |
| Personal name |
Kinney, Jeff, |
| Relator term |
author. |
| 245 10 - TITLE STATEMENT |
| Title |
Diary of a wimpy kid : |
| Remainder of title |
old school / |
| Statement of responsibility, etc. |
by Jeff Kinney. |
| 264 #1 - PRODUCTION, PUBLICATION, DISTRIBUTION, MANUFACTURE, AND COPYRIGHT NOTICE |
| Place of production, publication, distribution, manufacture |
London : |
| Name of producer, publisher, distributor, manufacturer |
Puffin Books, |
| Date of production, publication, distribution, manufacture, or copyright notice |
2017. |
| 264 #4 - PRODUCTION, PUBLICATION, DISTRIBUTION, MANUFACTURE, AND COPYRIGHT NOTICE |
| Date of production, publication, distribution, manufacture, or copyright notice |
©2015. |
| 300 ## - PHYSICAL DESCRIPTION |
| Extent |
217 pages : |
| Other physical details |
illustrations ; |
| Dimensions |
20 cm. |
| 336 ## - CONTENT TYPE |
| Content type term |
text |
| Content type code |
txt |
| Source |
rdacontent. |
| 336 ## - CONTENT TYPE |
| Content type term |
still image |
| Content type code |
sti |
| Source |
rdacontent. |
| 337 ## - MEDIA TYPE |
| Media type term |
unmediated |
| Media type code |
n |
| Source |
rdamedia. |
| 338 ## - CARRIER TYPE |
| Carrier type term |
volume |
| Carrier type code |
nc |
| Source |
rdacarrier. |
| 440 ## - SERIES STATEMENT/ADDED ENTRY--TITLE |
| Title |
Diary of a wimpy kid ; |
| Volume/sequential designation |
Bk 10 |
| 490 1# - SERIES STATEMENT |
| Series statement |
Diary of a wimpy kid ; |
| Volume/sequential designation |
Bk 10 |
| 500 ## - GENERAL NOTE |
| General note |
Originally published in the English Language in the USA by Amulet Books, an imprint of ABRAMS, 2015. |
| 520 ## - SUMMARY, ETC. |
| Summary, etc. |
Life was better in the old days. Or was it? That's the question Greg Heffley is asking as his town voluntarily unplugs and goes electronics-free. But modern life has its conveniences, and Greg isn't cut out for an old-fashioned world. With tension building inside and outside the Heffley home, will Greg find a way to survive? Or is going 'old school' just too hard for a kid like Greg? |
| 600 10 - SUBJECT ADDED ENTRY--PERSONAL NAME |
| Personal name |
Heffley, Greg |
| Form subdivision |
Juvenile fiction. |
| 942 ## - ADDED ENTRY ELEMENTS (KOHA) |
| Source of classification or shelving scheme |
|
| Koha item type |
Books - Fiction |